[Event "Groningen Combinatie op"]
[Site "Groningen"]
[Date "2023.05.21"]
[Round "6"]
[White "Maatman, Nick"]
[Black "Kingma, Lukas"]
[Result "1-0"]
[WhiteElo "2345"]
[BlackElo "1518"]
[PlyCount "87"]
[EventDate "2023.05.18"]
[EventType "swiss"]
[EventRounds "7"]
[EventCountry "NED"]
[SourceTitle "CBM 214 Extra"]
[Source "ChessBase"]
[SourceDate "2023.07.31"]
[SourceVersion "1"]
[SourceVersionDate "2023.07.31"]
[SourceQuality "1"]

1. d4 Nf6 2. c4 g6 3. Nc3 Bg7 4. e4 d6 5. Be2 0-0 6. Nf3 e5 7. 0-0 Nc6 8. d5 Ne7 9. b4 Nh5 10. Re1 f5 11. a4 a5 12. bxa5 Rxa5 13. Ra3 Kh8 14. exf5 Bxf5 15. Ng5 Nf6 16. Bd2 Ra8 17. g4 Bd7 18. Nce4 Nxe4 19. Nxe4 b6 20. a5 Qc8 21. f3 Ng8 22. h3 Nf6 23. Nf2 c6 24. dxc6 Bxc6 25. Bb4 bxa5 26. Bxd6 Rd8 27. c5 Ne8 28. Qd2 Nxd6 29. cxd6 a4 30. Rd1 Qe6 31. Rc3 Qe8 32. Qc1 Rdc8 33. Ne4 Bd7 34. Bc4 Be6 35. Bxe6 Qxe6 36. Rxc8+ Rxc8 37. Qd2 Qd7 38. Qa5 Rf8 39. Kg2 Qf7 40. Qc3 Bf6 41. d7 Qe7 42. Qc6 a3 43. Qxf6+ Qxf6 44. Nxf6 1-0